Biblioteca

Historia religionum (Registro nro. 32821)

Detalles MARC
000 -LÍDER
Campo fijo de descripción fija 01755nam a22002657a 4500
001 - NÚMERO DE CONTROL
Campo de control 1501
003 - IDENTIFICADOR DEL NÚMERO DE CONTROL
Campo de control CO-MdFUSB
005 - FECHA Y HORA DE LA ULTIMA TRANSACCIÓN
control field 20180622072715.0
008 - ELEMENTOS DE LONGITUD FIJA -- INFORMACIÓN GENERAL
Campo fijo de descripción fija -- Información general 170405t1973 s ||||| |||| 00| 0 s d
020 ## - NÚMERO INTERNACIONAL NORMALIZADO PARA LIBROS
Número Internacional Normalizado del libro 84-7057-142-7
040 ## - FUENTE DE CATALOGACIÓN
Agencia de catalogación original CO-MdFUSB
Idioma de catalogación spa
Agencia que realiza la transcripción CO-MdFUSB
Agencia que realiza la modificación CO-MdFUSBC
Convenciones de la descripción rda
041 0# - CÓDIGO DE IDIOMA
Código de idioma para texto/pista de sonido o título separado eng
082 04 - NÚMERO DE CLASIFICACIÓN DECIMAL DEWEY
Número de clasificación G 209 B6466h
245 10 - TÍTULO
Título del Material Historia religionum
Parte restante del título - Subtitulo : Manual de historia de las religiones. I Religiones del pasado
Mención de responsabilidad, etc. / C. Jouco Bleeker, Geo Widengren, Directores ; J. Valentine Malla, Traductor
264 #4 - PRODUCCIÓN, PUBLICACIÓN, DISTRIBUCIÓN, MANUFACTURA, Y COPYRIGHT
Lugar de producción, publicación, distribución, manufactura Huesca, Madrid, España :
Nombre del productor, publicador, distribuidor Cristiandad
Fecha de producción, publicación, distribución, manufactura, o copyright ©1973
300 ## - DESCRIPCIÓN FÍSICA
Extensión 668 Pag.
336 ## - TIPO DE CONTENIDO
Fuente rdacontent
Término de tipo de contenido
Código de tipo de contenido
337 ## - TIPO DE MEDIO
Fuente rdamedia
Nombre del tipo de medio
Código del tipo de medio
338 ## - TIPO DE SOPORTE
Fuente rdacarrier
Nombre del tipo de soporte
Código Tipo de soporte
500 ## - NOTA GENERAL
Nota General Título original : Historia religionum. Handbook for the history of religions. I Religions of the past
505 00 - NOTA DE CONTENIDO
Nota de contenido con formato preestablecido Geo Widengren: prolegómenos: la crítica de las fuentes y la vida de los grandes fundadores -- E.O. James: religión prehistórica -- C. J Bleeker: la religión del antiguo Egipto -- W. H. Ph. Romer: la religión de la antigua Mesopotamia -- H.Ringgren: la religión de la antigua Siria -- Geo Widengren: religión judeo-israelita -- H. Otten: la religión de los hititas -- J. Duchesne-Guillemin: la religión del antiguo Irán -- A.W.H Adkins: religión griega -- R. Schilling: religión romana -- M. J. Vermaseren: religiones helenísticas -- J. Doresse: gnosticismo -- Jes P. Amussen: maniqueísmo -- H. R. Ellis Davidson: la religión de los germanos -- Maartje Draak: la religión de los celtas -- F. Vynke: la religión de los esclavos -- Laurette Séjourné: la antigua religión mexicana -- Antje Kelm: la religión del Perú precolombino
650 #7 - ASIENTO SECUNDARIO DE MATERIA - TERMINO TEMÁTICO
Término temático o nombre geográfico como elemento de entrada Religiones
9 (RLIN) 386
653 ## - TÉRMINO DE INDIZACIÓN - NO CONTROLADO
Término no controlado Religiones - Historia
942 ## - TIPO DE MATERIAL (KOHA)
Tipo de Item KOHA Libros General
Existencias
Estado de Material Estado de Perdido Forma de Clasificación Estado de Dañado No para Préstamo Colección Tomo Biblioteca de Origen Biblioteca Permanente Fecha de Adquisición Total de Préstamos Signatura Topográfica Código de Barras Última vez visto Última vez Préstado Ejemplar/Existencia Fecha de Remplazo Tipo de Material Total de Renovaciones
    Dewey Decimal Classification     Colección General   Biblioteca FUSBC Biblioteca FUSBC 06/04/2005 2 G 209 B6466h 15206 12/12/2019 12/10/2018 t.1,ej.2 26/01/2016 Libros General  
    Dewey Decimal Classification     Colección General   Biblioteca FUSBC Biblioteca FUSBC 20/10/2004 1 G 209 B6466h 989 21/10/2022 29/09/2022 t.1,ej.1 26/01/2016 Libros General 1

Biblioteca FUSBC | Teléfono: (57+4) 349 88 10 Ext. 141| WhatsApp (+57) 3005338115 
E-mail: biblioteca@unisbc.edu.co | Calle 76 87-14 Robledo Palenque, Medellín, Colombia

Con tecnología Koha